000 00471nam a2200169 i 4500
001 51741
003 ES-MaACL
005 20240510063040.0
007 t|
008 030818s1909 it ||||1| ita d
100 1 _aD'Annunzio, Gabriele,
_d1863-1938
_942351
245 1 0 _aFedra
_b: tragedia /
_cdi Gabriele D'Annunzio.
260 _aMilano :
_bFratelli Treves,
_c1909.
300 _a215 p. ;
_c23 cm.
852 _aES-MaACL
_jF-11122
999 _c51741
_d51741